100 + 1 světoznámých žen /

Hlavní autor: Novotný, Tomáš
Jazyk: Čeština
Vydáno: Pardubice : Mayday, c2006
Témata:
Fyzický popis: 413 s. : portréty ; 18 cm
Knihy
Uloženo v:
LEADER 01166nam a2200373 a 4500
001 nkc20061694145
003 CZ PrNK
005 20070302134145.0
007 ta
008 061020s2006 xr c e 000 0ccze
015 |a cnb001694145 
020 |a 80-86986-07-1  |q (brož.) 
035 |a (OCoLC)85708746 
040 |a ABA001  |b cze  |d BOA001  |d ABA001 
072 7 |a 929  |x Biografie  |2 Konspekt  |9 8 
080 |a 316.346.2-055.2  |2 MRF 
080 |a 929  |2 MRF 
080 |a (0:82-94)  |2 MRF 
100 1 |a Novotný, Tomáš  |7 xx0055544  |4 aut 
245 1 0 |a 100 + 1 světoznámých žen /  |c Tomáš Novotný 
246 3 |a Sto plus jedna světoznámých žen 
260 |a Pardubice :  |b Mayday,  |c c2006 
300 |a 413 s. :  |b portréty ;  |c 18 cm 
650 0 7 |a ženy  |7 ph127967  |2 czenas 
650 0 7 |a osobnosti  |7 ph115615  |2 czenas 
650 0 9 |a women  |2 eczenas 
650 0 9 |a celebrities  |2 eczenas 
655 7 |a medailony  |7 fd185951  |2 czenas 
655 9 |a biographical portraits  |2 eczenas 
910 2 |a BOA001  |b 1-1177.898 
990 |a BK 
995 |a 01 
991 |b 200612  |c NOV 
996 6 |b 2610303967  |c 1-1177.898  |l MZK  |r Sklad / do 1 hodiny  |n 6  |p kup  |w 000834515  |u 000020  |a 1  |e BOA001  |j MZK50  |s P